Innovative Robot-Assisted Rehabilitation for Quality-of-Life Improvement: Experience from Cooperation Between Centres in Hungary and Slovakia
Cieľom tejto štúdie bolo analyzovať skúsenosti dvoch participujúcich pracovísk so zavádzaním inovatívnej roboticky asistovanej rehabilitácie do klinickej praxe a ovplyvňovaním kvality života pacientov.
Guardado en:
| Autor principal: | |
|---|---|
| Otros Autores: | , , , |
| Formato: | Capítulo de libro |
| Lenguaje: | inglés |
| Materias: | |
| Etiquetas: |
Sin Etiquetas, Sea el primero en etiquetar este registro!
|
MARC
| LEADER | 00000naa$a2200000$$$4500 | ||
|---|---|---|---|
| 001 | 0300134 | ||
| 005 | 20240510091714.0 | ||
| 041 | 0 | |a eng | |
| 044 | |a SK | ||
| 245 | 1 | 0 | |a Innovative Robot-Assisted Rehabilitation for Quality-of-Life Improvement: Experience from Cooperation Between Centres in Hungary and Slovakia |c Peter Takáč, Krisztina Sándor, Anna Kubincova, Michal Tkáč ml., Gábor Fazekas |
| 520 | |a Cieľom tejto štúdie bolo analyzovať skúsenosti dvoch participujúcich pracovísk so zavádzaním inovatívnej roboticky asistovanej rehabilitácie do klinickej praxe a ovplyvňovaním kvality života pacientov. | ||
| 610 | 2 | 0 | |a zdravotníctvo |
| 610 | 2 | 0 | |a rehabilitácia |
| 610 | 2 | 0 | |a kvalita života |
| 610 | 2 | 0 | |a spolupráca cezhraničná |
| 610 | 2 | 0 | |a Maďarsko |
| 610 | 2 | 0 | |a Slovensko |
| 100 | 1 | |a Takáč, Peter | |
| 700 | 1 | |a Sándor, Krisztina | |
| 700 | 1 | |a Kubincova, Anna | |
| 700 | 1 | |a Tkáč, Michal, ml., 1984- | |
| 700 | 1 | |a Fazekas, Gábor | |